El piloto mayor de la Casa de la Contratación de Sevilla (Record no. 114878)

MARC details
000 -LEADER
campo de control de longitud fija 00958nam a2200229 i 4500
001 - NÚMERO DE CONTROL
campo de control 114878
003 - IDENTIFICADOR DE NÚMERO DE CONTROL
campo de control ES-MaACL
007 - CAMPO FIJO DE DESCRIPCIÓN FÍSICA--INFORMACIÓN GENERAL
campo de control de longitud fija t|
008 - DATOS DE LONGITUD FIJA--INFORMACIÓN GENERAL
campo de control de longitud fija 070206s1923 sp ||||1| spa d
080 ## - NÚMERO DE LA CLASIFICACIÓN DECIMAL UNIVERSAL
Número de la Clasificación Decimal Universal 929:359
080 ## - NÚMERO DE LA CLASIFICACIÓN DECIMAL UNIVERSAL
Número de la Clasificación Decimal Universal 359:929
100 1# - ENTRADA PRINCIPAL--NOMBRE DE PERSONA
Nombre de persona Pulido Rubio, José.
9 (RLIN) 94379
245 13 - MENCIÓN DEL TÍTULO
Título El piloto mayor de la Casa de la Contratación de Sevilla
Resto del título : pilotos mayores del siglo XVI: (datos biográficos) /
Mención de responsabilidad, etc. por José Pulido Rubio.
260 ## - PUBLICACIÓN, DISTRIBUCIÓN, ETC.
Lugar de publicación, distribución, etc. Sevilla :
Nombre del editor, distribuidor, etc. [s.n.],
Fecha de publicación, distribución, etc. 1923 (
Lugar de fabricación/manufactura Tip. Zarzuela)
300 ## - DESCRIPCIÓN FÍSICA
Extensión VIII, 299 p. ;
Dimensiones 24 cm.
490 1# - MENCIÓN DE SERIE
Mención de serie Publicaciones del Centro Oficial de Estudios Americanistas de Sevilla . Biblioteca colonial americana ;
Designación de volumen o secuencia v. 10
610 27 - PUNTO DE ACCESO ADICIONAL DE MATERIA--NOMBRE DE ENTIDAD CORPORATIVA
Nombre de entidad corporativa o nombre de jurisdicción como elemento de entrada Casa de Contratación (España)-
Subdivisión cronológica S.XVI.
9 (RLIN) 2465
650 14 - PUNTO DE ACCESO ADICIONAL DE MATERIA--TÉRMINO DE MATERIA
Término de materia o nombre geográfico como elemento de entrada Navegacion-
Subdivisión geográfica España-
Subdivisión de forma Historia.
9 (RLIN) 15499
830 0# - PUNTO DE ACCESO ADICIONAL DE SERIE-TÍTULO UNIFORME
Título uniforme Publicaciones del Centro Oficial de Estudios Americanistas de Sevilla . Biblioteca colonial americana ;
Designación de volumen o secuencia v. 10
9 (RLIN) 185793
852 ## - LOCALIZACIÓN
Ubicación ES-MaACL
Número de control de estantería E-4444
Holdings
Estatus retirado Estado de pérdida Estado de daño No para préstamo Biblioteca de origen Biblioteca actual Ubicación en estantería Fecha de adquisición Fuente de adquisición Total de préstamos Signatura topográfica completa Código de barras Visto por última vez Precio de reemplazo Tipo de ítem Koha
        Biblioteca del Ateneo de Madrid Biblioteca del Ateneo de Madrid Depósito 2 17/01/2008     E-4444 1119795 23/02/2023 23/02/2023 Libro impreso